000 00446nam a2200145 4500
008 151027b xxu||||| |||| 00| 0 eng d
020 _a9781441939531
050 _aRA 644.5 .M67 2010
100 _aMorewitz, Stephen J.
_d2010
245 _aChronic Diseases and Health Care
260 _aNew York:
_bSpringer,
_c2010.
300 _ax, 376p.:
_bIncludes Index,
650 _aHealth care
942 _2lcc
_cBOOKS
_hRA 644.5 .M67 2010
999 _c9519
_d9519